Territories of Australia - Statistics

General Stats
  • This quiz has been taken 9 times
  • The average score is 4 of 7
Answer Stats
Hint Answer % Correct
Indian Ocean Christmas Island
88%
South Pacific Norfolk Island
88%
Indian Ocean Cocos Islands
75%
Mainland Jervis Bay
50%
Coral Sea Coral Sea Islands
38%
Territorial Sea Ashmore and Cartier Islands
25%
Indian Ocean Heard Island and McDonald Islands
13%
No matching quizzes found
Score Distribution
Percent of People with Each Score
Percentile by Number Answered
Your Score History
You have not taken this quiz